Južnoameričke zemlje - Statistics

General Stats
  • This quiz has been taken 703 times
  • The average score is 10 of 12
Answers on the Map
Answers color-coded by a green-red scale on the quiz's map according to % correct below.
 
Answer Stats
Država % Correct
Brazil
99%
Argentina
98%
Čile
97%
Urugvaj
90%
Peru
89%
Kolumbija
87%
Paragvaj
86%
Bolivija
83%
Ekvador
82%
Venezuela
82%
Gvajana
62%
Surinam
62%
No matching quizzes found
Score Distribution
Percent of People with Each Score
Percentile by Number Answered
Your Score History
You have not taken this quiz